000 00666nam a2200229 a 4500
005 20140310183451.0
008 090119s19uu xx 00 eng d
020 _a9781422121429
050 _aHD 30.28
_b.Sa234 2008
100 _aSalhman, William
245 _aHow to write a great business plan. /
_cWilliam A. Sahlman
260 _aBoston, MA :
_bHarvard Business Press,
_c2008.
300 _a90 p. :
_c17 cm.
440 _aHarvard Business Review Classics
521 _aBSBA
650 _aBSBA.
650 _aBusiness planning
_xHandbooks, manuals, etc.
650 _aSelf-evaluation.
942 _cBK
_2lcc
_kFOR
999 _c23412
_d23412